|
|
|
|
| LEADER |
00000nas a2200000 a 4500 |
| 001 |
ssj0005811 |
| 003 |
WaSeSS |
| 005 |
20200512172242.0 |
| 006 |
m d |
| 007 |
cr n |
| 008 |
990917c19899999inuqr pss 0 a0eng c |
| 010 |
|
|
|a sn 99004672
|
| 022 |
|
|
|a 1527-2036
|l 1042-7961
|y 1042-7961
|
| 035 |
|
|
|a (WaSeSS)ssj0005811
|
| 037 |
|
|
|b Project Muse, The Johns Hopkins University Press, 2715 N. Charles Street, Baltimore, Maryland 21211
|
| 040 |
|
|
|a JHE
|b eng
|c JHE
|d NSD
|d GUA
|d OCLCQ
|d F#A
|d OCLCQ
|d OCLCO
|d OCLCQ
|d OCLCF
|d OCLCO
|d OCLCQ
|d CUD
|d MT4IT
|d OCLCO
|d OCLCQ
|d ELW
|d OCLCO
|d WT2
|d OCLCQ
|d AU@
|d VT2
|d UUM
|d OCLCQ
|d OCLCO
|d WaSeSS
|
| 042 |
|
|
|a nsdp
|a pcc
|
| 050 |
|
4 |
|a HQ1101
|
| 082 |
1 |
0 |
|a 305
|2 13
|
| 130 |
0 |
|
|a Journal of women's history (Online)
|
| 210 |
0 |
|
|a J. women's hist.
|b (Online)
|
| 222 |
|
0 |
|a Journal of women's history
|b (Online)
|
| 245 |
1 |
0 |
|a Journal of women's history
|h [electronic resource].
|
| 260 |
|
|
|a Bloomington, IN :
|b Indiana University Press
|
| 310 |
|
|
|a Quarterly
|
| 362 |
1 |
|
|a Print began with vol. 1, no. 1 (spring 1989).
|
| 506 |
|
|
|a License restrictions may limit access.
|
| 515 |
|
|
|a Preceded by a demo issue for Vol. 11, no. 2 (summer 1999).
|
| 538 |
|
|
|a Mode of access: World Wide Web.
|
| 588 |
0 |
|
|a Vol. 11, no. 2 (summer 1999); title from title screen (viewed Oct. 13, 1999).
|
| 588 |
1 |
|
|a Vol. 12, no. 2 (summer 2000).
|
| 650 |
|
0 |
|a Women
|x History
|v Periodicals.
|
| 650 |
|
7 |
|a Women.
|2 fast
|0 (OCoLC)fst01176568
|
| 655 |
|
0 |
|a Electronic journals.
|
| 776 |
1 |
|
|t Journal of women's history
|x 1042-7961
|w (DLC) 89656516
|w (OCoLC)19219902
|
| 856 |
4 |
0 |
|z Full text available from Research Library: 01/01/1995 to 1 year ago
|u https://search.proquest.com/publication/30609
|